Bon Jovi - I'll Be There For You Lyrics Quiz - Statistics

General Stats
  • This quiz has been taken 22 times
  • The average score is 26 of 29
Answer Stats
Lyrics % Correct
I'll {be} {there} for you
100%
I'll {be} {there} for you
100%
I'll {be} {there} for you
100%
I'm praying to God you'll give me {one} {more} chance, girl
100%
These {five} {words} I swear to you
100%
When you breathe, I {wanna} {be} the air for you
100%
You left me {drowning} in my tears
100%
You say you've cried a {thousand} {rivers}
100%
And you won't {save} {me} anymore
95%
I'd live and {I'd} {die} for you
95%
I heard your {suitcase} {say} goodbye
95%
Well, I can {promise} {you} tomorrow
95%
When you get drunk, I'll be {the} {wine}, oh
95%
Words {can't} {say} what love can do
95%
And now you're swimming for {the} {shore}
90%
I'd {steal} the sun from the sky for you
90%
I guess {this} {time} you're really leaving
90%
I'll be the {water} {when} you get thirsty, baby
90%
But I wanted to be your {Valentine}
85%
I know you know we've had some {good} {times}
85%
Yeah, baby, you know {my} {hands} are dirty
85%
You say {true} love, it's suicide
85%
But I can't {buy} {back} yesterday
80%
Didn't mean to miss {your} {birthday}, baby
80%
Well, as my broken heart lies {bleeding}
75%
And I wasn't there when you {were} {down}, down
65%
I wish I'd seen you {blow} {those} {candles} out
65%
Now {they} {have} their own hiding place
65%
I wasn't there when you {were} {happy}
60%
No matching quizzes found
Score Distribution
Percent of People with Each Score
Percentile by Number Answered
Your Score History
You have not taken this quiz